BIBLIOTECA

SENCICO

Fundamentos de fotointerpretación / (Registro nro. 496)

Detalles MARC
000 -LEADER
fixed length control field 01377nam a2200289Ia 4500
003 - CONTROL NUMBER IDENTIFIER
control field PE SENCICO BE
005 - DATE AND TIME OF LATEST TRANSACTION
control field 20251020182439.0
008 - FIXED-LENGTH DATA ELEMENTS--GENERAL INFORMATION
fixed length control field 200515s9999 xx 000 0 und d
020 ## - INTERNATIONAL STANDARD BOOK NUMBER
International Standard Book Number 978-958-8060-70-5
040 ## - CATALOGING SOURCE
Original cataloging agency PE SENCICO BE
Transcribing agency PE SENCICO BE
041 ## - LANGUAGE CODE
Language code of text/sound track or separate title spa
082 ## - DEWEY DECIMAL CLASSIFICATION NUMBER
Classification number 526.982
Item number G71 2007
100 1# - MAIN ENTRY--PERSONAL NAME
Personal name González Fletcher, Álvaro
9 (RLIN) 3266
Relator term autor
245 10 - TITLE STATEMENT
Title Fundamentos de fotointerpretación /
Statement of responsibility, etc. Álvaro González Fletcher
250 ## - EDITION STATEMENT
Edition statement 2a ed.
260 ## - PUBLICATION, DISTRIBUTION, ETC.
Place of publication, distribution, etc. Bogotá :
Name of publisher, distributor, etc. Escuela Colombiana de Ingeniería,
Date of publication, distribution, etc. 2007
300 ## - PHYSICAL DESCRIPTION
Extent 129 páginas :
Other physical details ilustraciones, tablas, gráficos ;
Dimensions 23 cm.
490 ## - SERIES STATEMENT
Series statement Colección notas
505 0# - FORMATTED CONTENTS NOTE
Formatted contents note Fundamentos de fotointerpretación -- Elementos de fotointerpretación -- Características fotográficas de algunas zonas geomorfológicas -- Características fotográficas generales de las principales rocas -- Características fotográficas específicas de las principales rocas -- Principios de percepción remota y teledetección
520 3# - SUMMARY, ETC.
Summary, etc. Presenta una serie de estereogramas que permiten aplicar de manera práctica los conceptos tratados.
650 10 - SUBJECT ADDED ENTRY--TOPICAL TERM
Topical term or geographic name entry element Fotogrametría
9 (RLIN) 120
650 20 - SUBJECT ADDED ENTRY--TOPICAL TERM
Topical term or geographic name entry element Fotografía en geología
9 (RLIN) 3267
650 20 - SUBJECT ADDED ENTRY--TOPICAL TERM
Topical term or geographic name entry element Fotografía aérea en geología
9 (RLIN) 3268
650 20 - SUBJECT ADDED ENTRY--TOPICAL TERM
Topical term or geographic name entry element Técnicas digitales en fotogrametría
9 (RLIN) 1080
650 20 - SUBJECT ADDED ENTRY--TOPICAL TERM
Topical term or geographic name entry element Interpretación de fotografías
9 (RLIN) 3269
942 ## - ADDED ENTRY ELEMENTS (KOHA)
Koha item type Libros
Source of classification or shelving scheme Dewey Decimal Classification
Existencias
Fecha de la última vez que lo usaron Número de ingreso o de inventario Pago total Signatura topográfica completa Código de barras Precio efectivo desde Tipo de documento Estado perdido Sistema de clasificación Estado dañado No es para préstamo Retirado Ubicación permanente Ubicación actual Fecha de adquisición
15/05/2020 15153   526.982/G71/2007 BibLima25080023 15/05/2020 Libros   Dewey Decimal Classification       Biblioteca Central Lima Biblioteca Central Lima 15/05/2020